000 00319nam a2200121Ia 4500
008 231129s1991||||xx |||||||||||||| ||spa||
082 _aOEM- 1691
100 _aJiménez de Quesada Gonzalo
245 0 _aEl Antijovio Tomo II
260 _c1991
264 _aBogotá: Imprenta Patriótica ICC 1991
942 _2ddc
_cBKS
999 _c10210
_d10210